MARC

LEADER 00000nas a2200000 4500
001 ssj0001056
003 WaSeSS
005 20200512172242.0
006 m d
007 cr n
008 790206d19792003dcumx p s i0 a0eng c
010 |a  79642763   |z sn 81001146  
016 |a (AMICUS)000001041089 
022 |l 0191-4545  |y 0191-4545 
030 |a ERPEDH 
032 |a 588750  |b USPS 
035 |a (WaSeSS)ssj0001056 
037 |b Delegation of the European Commission, 2300 M St. NW, Washington, DC 20037 
040 |a EXH  |b eng  |c EXH  |d COO  |d MUL  |d DLC  |d NSD  |d DLC  |d OCL  |d DLC  |d OCL  |d NST  |d NSD  |d NST  |d AIP  |d NST  |d AIP  |d OCL  |d HUL  |d AIP  |d NST  |d AIP  |d OCL  |d AIP  |d NSD  |d AIP  |d OCL  |d NSD  |d NST  |d OCL  |d NST  |d IUL  |d WAU  |d IUL  |d SYS  |d OCLCQ  |d WAU  |d CLU  |d HUL  |d HVL  |d CLU  |d TJC  |d NLGGC  |d LVB  |d NYDWH  |d LGG  |d OCLCQ  |d OCLCF  |d BEDGE  |d OCLCO  |d OCLCA  |d GILDS  |d NLC  |d OCLCQ  |d OCLCO  |d ZAS  |d OCLCO  |d HTM  |d OCL  |d OCLCO  |d OCL  |d WaSeSS 
042 |a pcc  |a nsdp 
043 |a e------ 
050 0 0 |a HD9525.A2  |b E52 
050 1 4 |a HC241.2  |b .E8 
082 0 4 |a 382/.9142/05 
210 0 |a Europe  |b (Wash. D.C.) 
222 0 |a Europe  |b (Washington, D.C.) 
245 0 0 |a Europe  |h [electronic resource]. 
260 |a [Washington],  |b [Delegation of the Commission of the European Communities] 
310 |a 10 no. a year,  |b 1986-2003 
321 |a Bimonthly,  |b -1985 
362 0 |a no. 211-no. 422; Jan./Feb. 1979-Dec. 2002/Jan. 2003. 
500 |a "Magazine of the European Community," 1979-Nov. 1993; "Magazine of the European Union," Dec./Jan. 1993/94-Dec./Jan. 2002/03. 
506 |a License restrictions may limit access. 
550 |a Issued by: Delegation of the Commission of the European Communities, 1979-Nov. 1993; Delegation of the European Commission, Dec./Jan. 1993/94-Dec./Jan. 2002/03. 
610 2 0 |a European Economic Community  |v Periodicals. 
610 2 0 |a European Union  |v Periodicals. 
610 2 6 |a Communauté économique européenne  |v Périodiques. 
610 2 7 |a European Economic Community.  |2 fast  |0 (OCoLC)fst00532788 
610 2 7 |a European Union.  |2 fast  |0 (OCoLC)fst00916630 
610 2 7 |a European Communities.  |2 unbisn 
650 0 |a Steel industry and trade  |z European Economic Community countries  |v Periodicals. 
650 0 |a Coal trade  |z European Economic Community countries  |v Periodicals. 
650 7 |a UE/CE Activités.  |2 eclas 
650 7 |a Publications périodiques.  |2 eclas 
650 7 |a UE/CE Etats membres.  |2 eclas 
650 7 |a Coal trade.  |2 fast  |0 (OCoLC)fst00865513 
650 7 |a Steel industry and trade.  |2 fast  |0 (OCoLC)fst01132646 
650 1 7 |a Europese Unie.  |2 gtt 
650 1 7 |a FOREIGN RELATIONS.  |2 unbist 
650 1 7 |a SOCIAL CONDITIONS.  |2 unbist 
650 1 7 |a WESTERN EUROPE.  |2 unbist 
651 0 |a European Union countries  |v Periodicals. 
651 7 |a European Economic Community countries.  |2 fast  |0 (OCoLC)fst01245089 
651 7 |a European Union countries.  |2 fast  |0 (OCoLC)fst01269470 
655 0 |a Electronic journals. 
710 2 |a Commission of the European Communities.  |b Delegation (U.S.) 
710 2 |a European Commission.  |b Delegation (U.S.) 
780 0 0 |t European Community  |x 0014-2891  |w (DLC)sn 84010991  |w (OCoLC)5012377 
850 |a AU  |a AzTeS  |a CU  |a CU-Riv  |a CU-SB  |a CaAEU  |a CaMWU  |a CaMWUC  |a CaOLU  |a CaQMU  |a CoFS  |a CoU  |a CtW  |a DGW  |a DLC  |a DeU  |a FU  |a GU  |a IEN  |a IEdS  |a IaAS  |a In  |a InU  |a KyLoU  |a LNT 
850 |a MB  |a MH-BA  |a MMeT  |a MShM  |a MdU  |a MiD  |a MiDW  |a MiU  |a MnU  |a MoSU  |a MsSM  |a N  |a NBC  |a NBuC  |a NN  |a NNC  |a NcD-L  |a NcRS  |a OU  |a PPiD  |a PPiU  |a PSt  |a TxDaM  |a TxLT  |a ULA  |a UU  |a ViBlbV  |a ViW  |a VtU  |a WaU 
853 3 3 |8 1  |a no.  |i (year)  |j (month) 
856 4 0 |z Full text available from Research Library: 12/01/1987 to 12/31/2002  |u https://search.proquest.com/publication/47648 
863 4 0 |8 1  |a <183>-  |i <1975>-  |j <Jan.>  |x provisional